000 00957ctm a2200301 i 4500
999 _c67723
_d67723
001 67723
003 Mx-PuUPA
005 20200131132459.0
008 170922s2007 mx r 000 0 spa d
020 _a9789681522049
040 _aMX-PuUPA
_bspa
_erda
_cMx-PuUPA
_dMx-PuUPA
041 1 _aspa
_hund
100 1 _aOrwell, George,
_eautor
245 1 0 _aRebelión en la granja ;
_b1984 /
_cGeorge Orwell ; traducción de Federico Ruvalcaba Loera.
246 1 3 _aMil novecientos ochenta y cuatro
250 _aPrimera edición
264 1 _aMéxico :
_bEditores Mexicanos Unidos
_c2007
300 _a416 páginas ;
_c23 cm.
336 _atexto
_2rdacontent
_btxt
337 _asin medio
_2rdamedia
_bn
338 _avolumen
_2rdacarrier
_bnc
490 0 _aColección inolvidables de la literatura
650 4 _aNovela Inglesa
650 4 _aNovela política
740 0 2 _a1984
942 _h823
_iORW
_cLI
_2ddc